| 000 | 00357nam a2200121Ia 4500 | ||
|---|---|---|---|
| 005 | 20251222141837.0 | ||
| 008 | 251222s9999||||xx |||||||||||||| ||spa|| | ||
| 082 | _a600.010/P72 | ||
| 100 | _aPodestá, Bruno | ||
| 245 | 0 | _aBibliografía Peruana Comentada de Política Científica y Tecnológica | |
| 264 | _b Grupo de Estudios para el Desarrollo | ||
| 942 | _cLIB | ||
| 999 |
_c7288 _d7288 |
||